| 000 | 00529nam a22001697a 4500 | ||
|---|---|---|---|
| 005 | 20251108164127.0 | ||
| 008 | 250721s1983 xx 000 0 ara d | ||
| 082 | 1 | 4 | _a218,51/ابر |
| 100 | 1 | _aالجمل، إبراهيم محمد | |
| 245 | 1 | 0 | _aالخطبة العصرية للجمعة - و العيدين - و عند القبر / |
| 264 | 1 |
_aالقاهرة : _bمكتبة القرآن، _c1983. |
|
| 300 | _a160ص | ||
| 650 | 1 | 7 | _aالخطب الدينية |
| 650 | 1 | 7 | _aالمواعظ |
| 942 |
_2ddc _cBK |
||
| 999 |
_c4295 _d4295 |
||